| 000 | 00822cam a2200265 a 4500 | ||
|---|---|---|---|
| 001 | 30192 | ||
| 003 | BD-RjUL | ||
| 005 | 20211209051528.0 | ||
| 008 | 140409s1971 enk b 001 0 eng d | ||
| 020 | _a0631129308 | ||
| 035 |
_a(OCoLC)863366929 _a(BD-RjUL)30277 |
||
| 040 |
_aDLC _cDLC _dBD-RjUL _beng |
||
| 041 | _aeng | ||
| 082 |
_a153.6 _bNOR 1971 |
||
| 100 | 1 |
_aNorman, Richard _q(Richard J.) _991799 |
|
| 245 | 1 | 0 |
_aReasons for actions : _ba critique of utilitarian rationality / _cRichard Norman. |
| 260 |
_aOxford : _bBasil Blackwell, _c1971. |
||
| 300 |
_avii, 181 p. ; _c23 cm. |
||
| 504 | _aBibliography: p. [173]-175. - Includes index. | ||
| 650 | 0 |
_aEthics. _991800 |
|
| 650 | 0 |
_aUtilitarianism. _95661 |
|
| 830 | 0 |
_aLibrary of philosophy and logic _993155 |
|
| 942 |
_2ddc _cBK |
||
| 999 |
_c30192 _d30192 |
||